| 000 | 00463nam a2200169Ia 4500 | ||
|---|---|---|---|
| 008 | 230917s9999||||xx |||||||||||||| ||und|| | ||
| 020 | _cRS395 | ||
| 040 |
_e235050 _aMAIN |
||
| 041 | _aEnglish | ||
| 082 | _a616.0072 P171C | ||
| 100 | _aPal, T K, ed. | ||
| 245 | 0 | _aClinical research: Practice and prospects | |
| 260 |
_aNew Delhi _bCBS Publishers _c2014 |
||
| 300 | _axii, 187 p. | ||
| 500 | _a2398 05/10/2016 HBD16/6684 06/10/2016 Main Budget | ||
| 942 | _cBK | ||
| 999 |
_c19316 _d19316 |
||